000 00450nam a22001817a 4500
003 LK-CoDNM
005 20250123154314.0
008 250123b |||||||| |||| 00| 0 eng d
040 _aLK-CoDNM
_dLK-CoDNM
_eLK-CoDNM
041 _aeng
080 _a13
_bC31
100 _aWilliams Jay
245 _aFall Of The Sparrow
260 _aNew York
_bOxford University Press
_g1951
300 _a158p. : ill ; 21 cm
650 _aScience
942 _cBK
999 _c237371
_d237371